Poesía española. (Record no. 183078)
[ view plain ]
| 000 -LEADER | |
|---|---|
| campo de control de longitud fija | 00928nam a2200253 i 4500 |
| 001 - NÚMERO DE CONTROL | |
| campo de control | 183078 |
| 003 - IDENTIFICADOR DE NÚMERO DE CONTROL | |
| campo de control | ES-MaACL |
| 005 - FECHA Y HORA DE LA ÚLTIMA TRANSACCIÓN | |
| campo de control | 20240607104416.0 |
| 008 - DATOS DE LONGITUD FIJA--INFORMACIÓN GENERAL | |
| campo de control de longitud fija | 140115s2002 sp |||| | spa d |
| 020 ## - NÚMERO INTERNACIONAL ESTÁNDAR DEL LIBRO | |
| Número Internacional Estándar del Libro | 84-8432-335-8 |
| 080 ## - NÚMERO DE LA CLASIFICACIÓN DECIMAL UNIVERSAL | |
| Número de la Clasificación Decimal Universal | 821.134.2-1"04/14"(082.2) |
| 245 00 - MENCIÓN DEL TÍTULO | |
| Título | Poesía española. |
| Número de parte o sección de la obra | 2, |
| Nombre de parte o sección de la obra | Edad Media: lírica y cancioneros / |
| Mención de responsabilidad, etc. | edición deVicenç Beltran. |
| 260 ## - PUBLICACIÓN, DISTRIBUCIÓN, ETC. | |
| Lugar de publicación, distribución, etc. | Barcelona : |
| Nombre del editor, distribuidor, etc. | Crítica, |
| Fecha de publicación, distribución, etc. | 2002. |
| 300 ## - DESCRIPCIÓN FÍSICA | |
| Extensión | 1021 p. ; |
| Dimensiones | 20 cm. |
| 490 1# - MENCIÓN DE SERIE | |
| Mención de serie | Páginas de biblioteca clásica |
| 504 ## - NOTA DE BIBLIOGRAFÍA, ETC. | |
| Nota de bibliografía, etc. | Bibliografía: p. 929-1011. Índices. |
| 650 #4 - PUNTO DE ACCESO ADICIONAL DE MATERIA--TÉRMINO DE MATERIA | |
| Término de materia o nombre geográfico como elemento de entrada | Poesías españolas- |
| Subdivisión cronológica | Hasta S.XV. |
| 9 (RLIN) | 152332 |
| 700 1# - ENTRADA AGREGADA--NOMBRE PERSONAL | |
| Nombre de persona | Beltrán, Vicenç, |
| Fechas asociadas al nombre | 1948- |
| 9 (RLIN) | 27350 |
| 830 0# - PUNTO DE ACCESO ADICIONAL DE SERIE-TÍTULO UNIFORME | |
| Título uniforme | Páginas de biblioteca clásica |
| 9 (RLIN) | 191866 |
| 852 ## - LOCALIZACIÓN | |
| Ubicación | ES-MaACL |
| Número de control de estantería | A-13031 |
| itemnumber | 149806 |
| Sublocalización o colección | R.149806 |
| Ubicación en estantería | Depósito 1 |
| Signatura antigua | Olim: N-6031 |
| Donativo/Legado | Donación: Real Academia Española |
| 914 ## - NOMBRE ENTIDAD DE DONANTE | |
| RLIN | 6336 |
| Nombre de congreso/reunión o jurisdicción como elemento de entrada | Real Academia Española |
| Unidad subordinada | Donante |
| 942 ## - ELEMENTOS DE ENTRADA SECUNDARIOS (KOHA) | |
| Fuente del sistema de clasificación o colocación | Clasificación decimal universal |
| Tipo de ítem Koha | Libro impreso |
| Estatus retirado | Estado de pérdida | Fuente del sistema de clasificación o colocación | Estado de daño | No para préstamo | Biblioteca de origen | Biblioteca actual | Ubicación en estantería | Fecha de adquisición | Fuente de adquisición | Total de préstamos | Signatura topográfica completa | Código de barras | Visto por última vez | Precio de reemplazo | Tipo de ítem Koha |
|---|---|---|---|---|---|---|---|---|---|---|---|---|---|---|---|
| Clasificación decimal universal | Biblioteca del Ateneo de Madrid | Biblioteca del Ateneo de Madrid | Depósito 1 | 15/01/2014 | Donación | A-13031 | 1192417 | 23/02/2023 | 23/02/2023 | Libro impreso |
